| 000 | 00807nam a22002417a 4500 | ||
|---|---|---|---|
| 001 | 44622 | ||
| 003 | BD-RjUL | ||
| 005 | 20211209053906.0 | ||
| 008 | 160718s1982 bg ||||| |||| 00| 0 ben d | ||
| 020 | _c: TK 20.00 | ||
| 035 | _a(BD-RjUL)44740 | ||
| 040 |
_aBD-RjUL _bben _cBD-RjUL |
||
| 041 | _aben | ||
| 082 |
_223 _a297 _bMUJ 1982 |
||
| 100 |
_aমুহম্মদ, কাজী দীন _9123683 |
||
| 245 | 1 | 0 |
_aজীবন সৌন্দর্য / _c কাজী দীন মুহম্মদ |
| 250 | _a২য় সং. | ||
| 260 |
_aঢাকা : _bইসলামিক ফাউন্ডেশন, _c১৯৮২ |
||
| 300 |
_a[১৮], ২২৪ পৃ. ; _c১৯ সেমি. |
||
| 650 |
_aইসলাম _9136884 |
||
| 650 |
_aIslam _9136885 |
||
| 942 |
_2ddc _cBK |
||
| 999 |
_c44622 _d44622 |
||